| 000 | 00788nam a2200241 a 4500 | ||
|---|---|---|---|
| 001 | BRCA_4385 | ||
| 005 | 20190320204642.0 | ||
| 008 | 070606s2007 u--a######---#000-0#eng-# | ||
| 020 | _a9780300124286 | ||
| 041 | _aeng | ||
| 044 | _au | ||
| 050 | 4 |
_aDS33.1 _b.S55 2007 |
|
| 245 | 1 | 0 |
_aThe Silk Road and Beyond _bTravel, Trade, and Transformation. |
| 260 |
_aEstados Unidos _bThe Art Institute of Chicago : Yale University Press _cc2007 |
||
| 300 |
_a96 p. _bil. (algunas a color) _c26 cm. |
||
| 440 | 0 |
_aMuseum Studies _911148 |
|
| 504 | _aBibliografía: p. 90-96 | ||
| 650 | 1 | 4 |
_aOriente y occidente _911149 |
| 650 | 1 | 4 |
_aArte asiático _xInfluencias europeas _911150 |
| 650 | 1 | 4 |
_aArte europeo _xInfluencias orientales _911151 |
| 651 | 4 |
_aSilk Road _xHistoria _911152 |
|
| 942 |
_2lcc _cB |
||
| 999 |
_c4096 _d4096 |
||